UBT Library

The Supreme Court in conference, 1940-1985 : (Record no. 39716)

000 -LEADER
fixed length control field 00861cam a2200241 a 4500
001 - CONTROL NUMBER
control field 12070810
005 - DATE AND TIME OF LATEST TRANSACTION
control field 20180104072045.0
008 - FIXED-LENGTH DATA ELEMENTS--GENERAL INFORMATION
fixed length control field 000622s2001 enk b 001 0 eng
010 ## - LIBRARY OF CONGRESS CONTROL NUMBER
LC control number 00057492
020 ## - INTERNATIONAL STANDARD BOOK NUMBER
International Standard Book Number 0195126327 (alk. paper)
040 ## - CATALOGING SOURCE
Original cataloging agency DLC
Transcribing agency DLC
Modifying agency DLC
041 ## - LANGUAGE CODE
Language code of text/sound track or separate title eng
043 ## - GEOGRAPHIC AREA CODE
Geographic area code n-us---
080 ## - UNIVERSAL DECIMAL CLASSIFICATION NUMBER
Universal Decimal Classification number 347.73260264 DIC
082 00 - DEWEY DECIMAL CLASSIFICATION NUMBER
Classification number 347.73260264 DIC
Edition number 21
100 ## - Rafti
Rafti 14
101 ## - Shkurtesa
Shkurtesa JUR
245 04 - TITLE STATEMENT
Title The Supreme Court in conference, 1940-1985 :
Statement of responsibility, etc edited by Del Dickson.
504 ## - BIBLIOGRAPHY, ETC. NOTE
Bibliography, etc Includes bibliographical references (p. 893-905) and index.
906 ## - LOCAL DATA ELEMENT F, LDF (RLIN)
a 7
b cbc
c orignew
d 1
e ocip
f 20
g y-gencatlg
942 ## - ADDED ENTRY ELEMENTS (KOHA)
Source of classification or shelving scheme
Item type Books
Holdings
Withdrawn status Lost status Source of classification or shelving scheme Damaged status Not for loan Collection code Permanent location Current location Shelving location Date acquired Total Checkouts Full call number Barcode Date last seen Price effective from Koha item type
          Koleksioni i përgjithshem UBT - Lipjan UBT - Lipjan Koleksioni i përgjithshem 01/04/2018   347.73260264 DIC 002-29712 01/04/2018 01/04/2018 Books
UBT Library © 2015-2024. All rights reserved University Education for Business and Technology